Central Library OPAC University of Rajshahi

The language of social research : (Record no. 20722)

MARC details
000 -LEADER
fixed length control field 00870nam a22002531 4500
001 - CONTROL NUMBER
control field 20722
003 - CONTROL NUMBER IDENTIFIER
rucl marc code BD-RjUL
005 - DATE AND TIME OF LATEST TRANSACTION
control field 20211209000612.0
008 - FIXED-LENGTH DATA ELEMENTS--GENERAL INFORMATION
fixed length control field 140302s19671955ilu 001 0 eng
035 ## - SYSTEM CONTROL NUMBER
System control number (BD-RjUL)20784
040 ## - CATALOGING SOURCE
Original cataloging agency DLC
Transcribing agency DLC
Modifying agency DLC
-- BD-RjUL
Language of cataloging eng
041 ## - LANGUAGE CODE
Language code of text/sound track or separate title eng
082 00 - DEWEY DECIMAL CLASSIFICATION NUMBER
Classification number 301.01
Author mark and year LAN 1955
245 14 - TITLE STATEMENT
Title The language of social research :
Remainder of title a reader in the methodology of social research /
Statement of responsibility, etc. edited by Paul F. Lazarsfeld and Morris Rosenberg.
260 ## - PUBLICATION, DISTRIBUTION, ETC. (IMPRINT)
Place of publication, distribution, etc. Glencoe, Ill. :
Name of publisher, distributor, etc. Free Press,
Date of publication, distribution, etc. c1955.
300 ## - PHYSICAL DESCRIPTION
Pagination xii, 590 p. ;
Size 25 cm.
500 ## - GENERAL NOTE
General note Published in 1972 under title: Continuities in the language of social research.
650 #0 - SUBJECT ADDED ENTRY--TOPICAL TERM
Topical term or geographic name as entry element Social sciences
General subdivision Methodology.
9 (RLIN) 63985
700 1# - ADDED ENTRY--PERSONAL NAME
Personal name Lazarsfeld, Paul Felix,
Personal name Rosenberg, Morris,
Relator term joint ed.
942 ## - ADDED ENTRY ELEMENTS (KOHA)
Source of classification or shelving scheme Dewey Decimal Classification
Koha item type Books
Holdings
Lost status Source of classification or shelving scheme Damaged status Not for loan Collection code Permanent Location Current Location Shelving location Date acquired Source of acquisition Cost, normal purchase price Total Checkouts Full call number Date last seen Copy number Koha item type
  Dewey Decimal Classification     Non-fiction Central Library, University of Rajshahi Central Library, University of Rajshahi   12/05/1969 Continental pulication. 46.75   301.01 LAN 1955 02/03/2014 C-3 Books
  Dewey Decimal Classification     Non-fiction Central Library, University of Rajshahi Central Library, University of Rajshahi   12/05/1969 Contiomontre Publication 24.75   301.01 LAN 1967 19/05/2014 C-2 Books